000 00672nam a22001817a 4500
010 _a1617CH-EN
020 _a9780062333964
_c250.00 pbk
035 _aB-644084-099
037 _aDPL
_bBBB/Ven
082 _aS
100 _aParish, Herman
245 _aAmelia bedelia :
_cby Herman Parish; illustrated by Lynne Avril
_bshapes up /
260 _aNew Yark
_bharper Collins Children Books
_c2014
270 _a195,Boadway
_bNew Yark
_e10007
300 _a149p.
_c19cm
942 _2ddc
_cCH
_mPAR
_hS
999 _c100540
_d100540